000 00959nam a2200229Ia 4500
001 L248-46804
003 IT-CnALBA
008 170116s9999||||xx |||||||||||||| ||und||
040 _aIT-CnALBA
_cIT-CnALBA
041 _aITALIANO
100 _aSALDARINI GIOVANNI, CARDINALE ARCIV.
245 0 _aAMATE COME DIO FINO AL PERDONO. ESERCIZI SPIRITUALI AGLI SPOSI.
250 _a1a ed.
260 _a CANTALUPA, TO
_bEFFATA' EDITRICE
_c1999 [1° Ed.:1999 - Ed.Ling.Originale: 1999]
300 _a93 p.
500 _aCRISTO. GLI SPOSI. FAMIGLIA CRISTIANA. IN PREGHIERA. NOVITÀ DI CRISTO. PERDONO DI DIO E PERDONO DELLA FAMIGLIA.
501 _aSocietà San Paolo EM - Piazza San Paolo, 14 - 12051 ALBA (CN) (non commercial uses only) ® Copyright 2017
520 _aCRISTO. GLI SPOSI. FAMIGLIA CRISTIANA. IN PREGHIERA. NOVITÀ DI CRISTO. PERDONO DI DIO E PERDONO DELLA FAMIGLIA.
650 _aASCETICA E MISTICA
942 _cBK
957 _71
999 _a53065
_bNO
_g Copie: 1
_c305743
_d305743